• 首页
  • 本馆介绍
  • 公告通知
  • 最新文献
  • 馆藏检索
  • 电子资源
  • 读者导购
  • 参考咨询
  • 我的图书馆
  • 登录
  • 详细信息显示
  • 放入我的书架
  • 预约/预借图书
  • 作者相关作品
  • 分类相关作品
  • 丛书相关作品
  • 出版社相关作品

书目信息

  • 表格格式
  • 工作单格式
  • 卡片格式
题名:
奇思妙想的发明
    
 
作者: 谢天雨 主编
分册:  
出版信息: 北京   中国言实出版社  2004
页数: 280页
开本: 21cm
丛书名: 科学探索大博览
单 册:
中图分类: N19-49
科图分类:
主题词: 科学技术--创造发明--世界--普及读物 , 科学技术 , 创造发明
电子资源:
ISBN: 7-80128-561-1
000 00854oam2 2200277 45
001 012005200070
005 20070116164811.14
010    @a7-80128-561-1@dCNY432.00(全18册)
092    @aCN@b93429
100    @a20051212d2004 em y0chiy0110 ea
101 0  @achi
102    @aCN@b110000
105    @ay z 000yy
200 1  @a奇思妙想的发明@Aqi si miao xiang de fa ming@f谢天雨主编@Fxie tian yu zhu bian
210    @a北京@c中国言实出版社@d2004
215    @a280页@d21cm
225 2  @a科学探索大博览
330    @a本书包括:指南针的发明、汽车的发明、电报的发明、无线电之父、传真机的发明等。
461  0 @12001 @a科学探索大博览
606 0  @a科学技术@x创造发明@y世界@j普及读物
606 0  @a科学技术
606 0  @a创造发明
690    @aN19-49@v4
701  0 @a谢天雨@Axie tian yu@4主编
801  0 @aCN@bLZJBOOK@c20070116
905    @a10447@dN19-49@e69
    
    奇思妙想的发明/谢天雨主编.-北京:中国言实出版社,2004
    280页;21cm.-(科学探索大博览)
    
    
    ISBN 7-80128-561-1:CNY432.00(全18册)
    本书包括:指南针的发明、汽车的发明、电报的发明、无线电之父、传真机的发明等。
●
相关链接 在E读中查询图书 在五车中查询图书 在当当中查询图书 在豆瓣中查询图书


正题名:奇思妙想的发明     索取号:N19-49/69         预约/预借

序号 登录号 条形码 馆藏地/架位号 状态 备注
1 0555185   205551856   第二样本阅览室/ [索取号:N19-49/69] 在馆    
2 0555186   205551865   第三借阅区/ [索取号:N19-49/69] 在馆    
3 0555187   205551874   第三借阅区/ [索取号:N19-49/69] 在馆    
4 0555188   205551883   第三借阅区/ [索取号:N19-49/69] 在馆    
5 0555189   205551892   第三借阅区/ [索取号:N19-49/69] 在馆    
6 0555190   205551909   第三借阅区/ [索取号:N19-49/69] 在馆    
7 0555191   205551918   第三借阅区/ [索取号:N19-49/69] 在馆    
8 0555192   205551927   第三借阅区/ [索取号:N19-49/69] 在馆    
唐山师范学院图书馆 欢迎您!
大连网信软件有限公司© 版权所有